<?xml version="1.0" encoding="UTF-8"?>
<collection xmlns="http://www.loc.gov/MARC21/slim">
 <record>
  <leader>06332nam a2200433 a 4500</leader>
  <controlfield tag="001">kal5881</controlfield>
  <controlfield tag="003">Gr-AtHEAL</controlfield>
  <controlfield tag="005">20160425083919.0</controlfield>
  <controlfield tag="006">m        d        </controlfield>
  <controlfield tag="008">160413s2015    gr      s           gre|c</controlfield>
  <datafield tag="020" ind1=" " ind2=" ">
   <subfield code="a">9789606031908</subfield>
  </datafield>
  <datafield tag="040" ind1=" " ind2=" ">
   <subfield code="a">GR-AtHEAL</subfield>
   <subfield code="b">gre</subfield>
   <subfield code="c">GR-AtHEAL</subfield>
  </datafield>
  <datafield tag="082" ind1="0" ind2="4">
   <subfield code="a">615.19</subfield>
   <subfield code="2">23</subfield>
  </datafield>
  <datafield tag="100" ind1="1" ind2=" ">
   <subfield code="a">Δημόπουλος, Βασίλειος.</subfield>
   <subfield code="8">1035</subfield>
  </datafield>
  <datafield tag="245" ind1="1" ind2="0">
   <subfield code="a">Βασικές αρχές σχεδιασμού και ανάπτυξης φαρμάκων</subfield>
   <subfield code="h">[Ηλεκτρονικός πόρος] </subfield>
   <subfield code="c">Δημόπουλος, Βασίλειος ; Τσαντίλη-Κακουλίδου, Άννα ; Κριτικός αναγνώστης,Μαυρομούστακος, Θωμάς ; Τεχνική επιμέλεια,Τσιώνης, Ηλίας.</subfield>
  </datafield>
  <datafield tag="260" ind1=" " ind2=" ">
   <subfield code="a">Αθήνα :</subfield>
   <subfield code="b">Σύνδεσμος Ελληνικών Ακαδημαϊκών Βιβλιοθηκών,</subfield>
   <subfield code="c">c2015.</subfield>
  </datafield>
  <datafield tag="490" ind1=" " ind2=" ">
   <subfield code="a">Ακαδημαϊκά Ηλεκτρονικά Συγγράμματα και Βοηθήματα Κάλλιπος</subfield>
   <subfield code="8">40</subfield>
  </datafield>
  <datafield tag="520" ind1=" " ind2=" ">
   <subfield code="a">Το βιβλίο θα περιλαμβάνει τις σύγχρονες τάσεις στο σχεδιασμό νέων φαρμακευτικών ουσιών. Ξεκινώντας από τα πρώτα στάδια σχεδιασμού για την ανακάλυψη νέων ενώσεων-οδηγών με συγγένεια σε συγκεκριμένο υποδοχέα-στόχο, θα επεκταθεί στο ρόλο των ιδιοτήτων ADME (Απορρόφηση, Κατανομή, Μεταβολισμός, Απέκκριση) και των φυσικοχημικών ιδιοτήτων έτσι ώστε να επιτυγχάνεται κατάλληλο φαρμακοκινητικό προφίλ. Θα αναπτυχθούν οι in silico τεχνικές στις οποίες βασίζεται ο σχεδιασμός με βάση τη δομή του υποδοχέα (structure-based drug design), με βάση τα προσδέματα (ligand-based drug design) και με βάση δομικά θραύσματα (fragment based drug design). Θα αναλυθούν οι κυριότερες στατιστικές τεχνικές ως εργαλεία για την εξαγωγή μοντέλων ποσοτικών σχέσεων δομής-δράσης. Θα συζητηθούν οι φυσικοχημικές και μοριακές ιδιότητες -λιποφιλία, ηλεκτρονιακές, στερικές- που επηρεάζουν την πρόσδεση των μορίων στα μακρομόρια και τη διαπερατότητα των βιολογικών φραγμών. Ιδιαίτερη έμφαση θα δοθεί στη λιποφιλία ως πρωταρχικής ιδιότητας στη δράση των φαρμάκων και το μέτρο με το οποίο εκφράζεται, το συντελεστή μερισμού ή κατανομής στο σύστημα οκτανόλης/νερού. Θα παρουσιαστούν οι τεχνικές για τον προσδιορισμό και τον υπολογισμό του συντελεστή μερισμού/κατανομής. Θα αναφερθούν οι άριστες τιμές λιποφιλίας για τη διαπερατότητα βιολογικών φραγμών, ενώ θα τονιστεί η αρχή της ελάχιστης λιποφιλίας. Θα εισαχθεί η έννοια της φαρμακο-ομοιότητας (drug-likeness) και θα παρουσιαστούν οι αντίστοιχοι μετρικοί κανόνες. Θα αναπτυχθεί επίσης ο ρόλος της στεροχημείας, των χηλικών ενώσεων και των προφαρμάκων στη βιολογική δράση. Επιπλέον, θα συζητηθεί η στρατηγική της πολλαπλής στόχευσης. Τέλος, θα αναφερθούν οι κυριότεροι αντι-στόχοι φαρμάκων και οι τεχνικές ελέγχου της πρόσδεσης των υποψηφίων φαρμακομορίων σε αυτούς. Συνοψίζοντας, το βιβλίο θα προσπαθήσει να καταδείξει την πολυπλοκότητα στην έρευνα για την ανάπτυξη νέων φαρμάκων και να αναδείξει το φάρμακο ως προϊόν υψίστης τεχνολογίας.</subfield>
  </datafield>
  <datafield tag="650" ind1=" " ind2="0">
   <subfield code="a">Pharmaceutical chemistry</subfield>
   <subfield code="8">2368</subfield>
  </datafield>
  <datafield tag="653" ind1=" " ind2=" ">
   <subfield code="a">Αλληλεπιδράσεις φαρμακομορίου-μακρομορίου</subfield>
  </datafield>
  <datafield tag="653" ind1=" " ind2=" ">
   <subfield code="a">Ιονισμός</subfield>
  </datafield>
  <datafield tag="653" ind1=" " ind2=" ">
   <subfield code="a">Λιποφιλία</subfield>
  </datafield>
  <datafield tag="653" ind1=" " ind2=" ">
   <subfield code="a">Φυσικοχημικές ιδιότητες</subfield>
  </datafield>
  <datafield tag="653" ind1=" " ind2=" ">
   <subfield code="a">Απορρόφηση φαρμακομορίου</subfield>
  </datafield>
  <datafield tag="653" ind1=" " ind2=" ">
   <subfield code="a">Μεταφορά φαρμακομορίου</subfield>
  </datafield>
  <datafield tag="653" ind1=" " ind2=" ">
   <subfield code="a">Φαρμακο-ομοιότητα</subfield>
  </datafield>
  <datafield tag="653" ind1=" " ind2=" ">
   <subfield code="a">Βελτιστοποίηση ένωσης-οδηγού</subfield>
  </datafield>
  <datafield tag="653" ind1=" " ind2=" ">
   <subfield code="a">Ενώσεις-οδηγοί</subfield>
  </datafield>
  <datafield tag="653" ind1=" " ind2=" ">
   <subfield code="a">Επιστήμες υγείας</subfield>
   <subfield code="a">Φαρμακευτική</subfield>
   <subfield code="a">Φαρμακευτική έρευνα</subfield>
  </datafield>
  <datafield tag="653" ind1=" " ind2=" ">
   <subfield code="a">Χημεία/γενική χημεία</subfield>
   <subfield code="a">Οργανική χημεία</subfield>
   <subfield code="a">Συνθετική οργανική χημεία</subfield>
   <subfield code="a">Φαρμακευτική χημεία</subfield>
  </datafield>
  <datafield tag="653" ind1=" " ind2=" ">
   <subfield code="a">Χημεία/γενική χημεία</subfield>
   <subfield code="a">Οργανική χημεία</subfield>
   <subfield code="a">Συνθετική οργανική χημεία</subfield>
   <subfield code="a">Φαρμακοχημεία</subfield>
  </datafield>
  <datafield tag="653" ind1=" " ind2=" ">
   <subfield code="a">Επιστήμες υγείας</subfield>
   <subfield code="a">Φαρμακευτική</subfield>
   <subfield code="a">Φαρμακευτική τεχνολογία</subfield>
   <subfield code="a">Σχεδιασμός φαρμάκων</subfield>
  </datafield>
  <datafield tag="700" ind1="1" ind2=" ">
   <subfield code="a">Τσαντίλη-Κακουλίδου, Άννα</subfield>
   <subfield code="e">Συγγραφέας</subfield>
   <subfield code="8">1036</subfield>
  </datafield>
  <datafield tag="700" ind1="1" ind2=" ">
   <subfield code="a">Μαυρομούστακος, Θωμάς</subfield>
   <subfield code="e">Κριτικός αναγνώστης</subfield>
   <subfield code="8">1037</subfield>
  </datafield>
  <datafield tag="856" ind1="4" ind2="0">
   <subfield code="u">http://hdl.handle.net/11419/5881</subfield>
   <subfield code="z">Πλήρες Κείμενο - Full text</subfield>
  </datafield>
  <datafield tag="907" ind1=" " ind2=" ">
   <subfield code="a">.b25680602</subfield>
   <subfield code="b">12-06-18</subfield>
   <subfield code="c">29-07-16</subfield>
  </datafield>
  <datafield tag="949" ind1=" " ind2=" ">
   <subfield code="0">0</subfield>
   <subfield code="1">0</subfield>
   <subfield code="2">ddc</subfield>
   <subfield code="4">0</subfield>
   <subfield code="6">615_190000000000000_ΔΗΜ</subfield>
   <subfield code="7">0</subfield>
   <subfield code="8">KALL</subfield>
   <subfield code="8">819</subfield>
   <subfield code="d">2016-04-13</subfield>
   <subfield code="r">2016-04-13</subfield>
   <subfield code="w">2016-04-13</subfield>
   <subfield code="z">615.19 ΔΗΜ</subfield>
   <subfield code="o">SEAB KALLIPOS</subfield>
  </datafield>
  <datafield tag="998" ind1=" " ind2=" ">
   <subfield code="a">80</subfield>
   <subfield code="a">01</subfield>
   <subfield code="a">02</subfield>
   <subfield code="a">03</subfield>
   <subfield code="a">04</subfield>
   <subfield code="a">05</subfield>
   <subfield code="a">06</subfield>
   <subfield code="a">07</subfield>
   <subfield code="a">08</subfield>
   <subfield code="a">09</subfield>
   <subfield code="a">10</subfield>
   <subfield code="a">11</subfield>
   <subfield code="a">12</subfield>
   <subfield code="a">13</subfield>
   <subfield code="a">14</subfield>
   <subfield code="a">15</subfield>
   <subfield code="a">16</subfield>
   <subfield code="a">17</subfield>
   <subfield code="a">18</subfield>
   <subfield code="a">19</subfield>
   <subfield code="a">20</subfield>
   <subfield code="a">21</subfield>
   <subfield code="a">22</subfield>
   <subfield code="a">23</subfield>
   <subfield code="a">24</subfield>
   <subfield code="a">25</subfield>
   <subfield code="a">26</subfield>
   <subfield code="b">16-05-17</subfield>
   <subfield code="c">m</subfield>
   <subfield code="d">z  </subfield>
   <subfield code="e">-</subfield>
   <subfield code="f">gre</subfield>
   <subfield code="g">gr </subfield>
   <subfield code="h">0</subfield>
  </datafield>
  <datafield tag="942" ind1=" " ind2=" ">
   <subfield code="2">ddc</subfield>
   <subfield code="c">KALLIPOS</subfield>
  </datafield>
 </record>
</collection>
